000 00284nam a22001217a 4500
020 _a07-005030-9
082 _a551.5 HAN'B
100 _aBOLLAY, E,BERY, F.A
_979008
245 _aHANDBOOK OF METEOROLOGY
260 _aNEWYORK
_bMCGRAW HILL
_c1973
300 _aIX, 1068P
942 _cBK
999 _c584078
_d584078